| 000 | 00630nam a2200217Ia 4500 | ||
|---|---|---|---|
| 005 | 20250508160235.0 | ||
| 008 | 008 250505s9999 xx 000 0 eng d | ||
| 037 | _aTextual | ||
| 040 |
_aFEDL _beng _cFEDL |
||
| 041 |
_aeng _2eng |
||
| 084 |
_a379.14, NCE _qFEDL |
||
| 100 | _aSharma G.S. | ||
| 245 | 0 | _aJudicial review and education : A study in trends | |
| 245 | 0 | _cNCERT | |
| 260 |
_aNew Delhi, India _bNational Council of Educational Research and Training _c1969 |
||
| 300 | _a39p. | ||
| 365 |
_aINR _b1 |
||
| 650 | _aEducation - Judicial | ||
| 942 |
_cTEXL _h379.14, NCE |
||
| 999 |
_c1362969 _d1362969 |
||